CONSUMER LAW (Record no. 162889)
[ view plain ]
| 000 -LEADER | |
|---|---|
| fixed length control field | 00491nam a2200193Ia 4500 |
| 003 - CONTROL NUMBER IDENTIFIER | |
| control field | OSt |
| 005 - DATE AND TIME OF LATEST TRANSACTION | |
| control field | 20260126150854.0 |
| 020 ## - INTERNATIONAL STANDARD BOOK NUMBER | |
| International Standard Book Number | 978-0-340-88758-5 |
| 040 ## - CATALOGING SOURCE | |
| Transcribing agency | LIBRARY OF CONGRESS |
| 050 ## - LIBRARY OF CONGRESS CALL NUMBER | |
| Classification number | KD 2204 .Z9 C66 2005 |
| 100 ## - MAIN ENTRY--PERSONAL NAME | |
| Personal name | MARTIN, JACQUELINE |
| 245 #0 - TITLE STATEMENT | |
| Title | CONSUMER LAW |
| 260 ## - PUBLICATION, DISTRIBUTION, ETC. | |
| Place of publication, distribution, etc. | LONDON |
| Name of publisher, distributor, etc. | HODDER EDUCATION |
| Date of publication, distribution, etc. | 2005 |
| 300 ## - PHYSICAL DESCRIPTION | |
| Extent | VI,138P.:ILL |
| 500 ## - GENERAL NOTE | |
| General note | INCLUDES INDEX |
| 600 ## - SUBJECT ADDED ENTRY--PERSONAL NAME | |
| Personal name | CONSUMER PROTECTION--LAW AND LEGISLATION |
| 700 ## - ADDED ENTRY--PERSONAL NAME | |
| Personal name | TURNER, CHRIS |
| 942 ## - ADDED ENTRY ELEMENTS (KOHA) | |
| Koha item type | Long Loan Book |
| Source of classification or shelving scheme | Library of Congress Classification |
| Withdrawn status | Lost status | Source of classification or shelving scheme | Damaged status | Not for loan | Collection | Home library | Current library | Shelving location | Date acquired | Inventory number | Total checkouts | Full call number | Barcode | Date last seen | Copy number | Price effective from | Koha item type |
|---|---|---|---|---|---|---|---|---|---|---|---|---|---|---|---|---|---|
| Library of Congress Classification | Law | Kisii University Library | Kisii University Library | On Display | 11/29/2023 | 30817 | KD 2204 .Z9 C66 2005 | 023555 | 11/29/2023 | C.4 | 11/29/2023 | Long Loan Book | |||||
| Library of Congress Classification | Law | Kisii University Library | Kisii University Library | On Display | 11/29/2023 | 30814 | KD 2204 .Z9 C66 2005 | 023556 | 11/29/2023 | C.1 | 11/29/2023 | Long Loan Book | |||||
| Library of Congress Classification | Law | Kisii University Library | Kisii University Library | On Display | 11/29/2023 | 30816 | KD 2204 .Z9 C66 2005 | 023554 | 11/29/2023 | C.3 | 11/29/2023 | Long Loan Book | |||||
| Library of Congress Classification | Law | Kisii University Library | Kisii University Library | On Display | 01/26/2026 | 30818 | KD 2204 .Z9 C66 2005 | 023553 | 01/26/2026 | C.5 | 01/26/2026 | Long Loan Book |